LEADER 00659nab a2200145 i 4500 001 000000314471 003 CaOOAMICUS 005 20180831173131.0 008 180831n xx uu u0 0und r 013 $a23559 040 $aSeMil$bita 100 1 $aQuadrio, Giuseppe .$0(OLS)http://semarc/name/33562 245 13$aLe ragioni teologiche addotte dalla costituzione «Munificentissimus Deus» alla luce della tradizione fino al Concilio Vaticano. 773 0 $t[Gennaio-Dicembre].$g18-51$w()274264 996 $6245$aLe ragioni teologiche addotte dalla costituzione «Munificentissimus Deus» alla luce della tradizione fino al Concilio Vaticano$9(OLS)http://semarc/title/388640 LEADER 01182nam a2200217 i 4500 001 000000006119 003 CaOOAMICUS 005 20180830125438.0 008 180830s1981 xx u000 u und u 040 $aSeMil$bita 245 10$aOggi credono così :$bindagine multidisciplinare sulla domanda di religione dei giovani /$ca cura di Giancarlo Milanesi ; con la collborazione di Franco Garelli ... [et al.]. 260 $aLeumann (TO) :$bElle Di Ci,$c1981. 300 $a2 v. ;$c24 cm. 650 4$aReligiosità - Italia - Inchieste sociologiche.$0(OLS)http://semarc/subject/20355 650 4$aGiovani - Rapporti [con la] Religione.$0(OLS)http://semarc/subject/428 700 1 $aGarelli, Franco,$d<1945- >.$0(OLS)http://semarc/name/16294 700 1 $aMilanesi, Giancarlo <1933-1993>.$0(OLS)http://semarc/name/16726 774 0 $tApprofondimenti tematici e commento multidisciplinare.$z88-01-14416-4$gVol.2$w()82072 774 0 $tRisultati.$z88-01-14415-6$gVol.1$w()82073 996 $6245$aOggi credono così :$bindagine multidisciplinare sulla domanda di religione dei giovani$9(OLS)http://semarc/title/400954 996 $6260$aLeumann (TO) :$bElle Di Ci$9(OLS)http://semarc/publisher/29654 LEADER 01404nam a2200313 i 4500 001 000000040962 003 CaOOAMICUS 005 20120229000000.0 008 120229s1986 it u000 u ita u 013 $a12132 020 $a88-343-0338-5 040 $aSeMil$bita 245 12$aL'Europa nel mondo antico /$ca cura di Marta Sordi. 260 $aMilano :$bVita e Pensiero,$c1986. 300 $aIX, 198 p., [6] p. di carte geografiche ;$c22 cm. 490 0 $aScienze storiche ;$v38 490 0 $aContributi dell'Istituto di storia antica ;$v12 500 $aDalla biblioteca del card. Giovanni Colombo. Contributi al Seminario della Scuola di perfezionamento in Storia Antica, anno accademico 1984-85. 650 4$aEuropa - Storia.$0(OLS)http://semarc/subject/578 700 1 $aSordi, Marta,$d<1925-2009>.$0(OLS)http://semarc/name/7587 830 0$aScienze storiche ;$v38.$0(OLS)http://semarc/title/9338 830 0$aContributi dell'Istituto di storia antica ;$v12.$0(OLS)http://semarc/title/10469 850 $aSeMil 852 $aSeMil$W1$xVenegono$y1$m3S III 222/A$j7117$B7117$CSeMilBibl$Z2$F7117 $81 941 1 $a3 961 $aOmaggio: Colombo Card. Giovanni 996 $6020$a88-343-0338-5$9(OLS)http://semarc/number/11468 996 $6245$aL'Europa nel mondo antico$9(OLS)http://semarc/title/59092 996 $6260$aMilano :$bVita e Pensiero$9(OLS)http://semarc/publisher/29642